000 00521nam a2200169Ia 4500
008 150610s9999 xx 000 0 und d
020 _a9780142414934 (pbk.)
050 _aPZ7
_b.G8233 P36 2012   
100 _aGreen, John, 1977-
245 _aPaper towns /
_cJohn Green.
260 _aNew York :
_bSpeak,
_c2012.
300 _a305pages ;
_c21 cm.
504 _aOriginally published: New York : Dutton Books, 2008.
520 _aFiction.
650 _aFlorida
_xFiction.
650 _xMystery and detective stories.
999 _c287873
_d287873